000 00540nam a2200181Ia 4500
999 _c29784
_d29784
003 OSt
005 20231227160752.0
008 190216s9999||||xx |||||||||||||| ||und||
020 _a9788126421138
040 _coclc
082 _a894.8122
_bSHA/J
100 1 _aShakespeare, William,
_d1564-1616
_vAdaptations
_974
245 0 _aJulius Caesar /
_cWilliam Shakespeare
260 _bD C Books,
_c2008.
_aKottayam:
300 _a126p
650 _aMalayalam Nadakam
942 _cBK
_2ddc
_h894.8122
_iSHA/J
_k894.8122
_mSHA/J